| 000 | 02524nam a2200289 4500 | ||
|---|---|---|---|
| 001 | 113468 | ||
| 003 | DR-UNIBE | ||
| 005 | 20250428142616.0 | ||
| 008 | 250422b2024 dr ||||| |||| 00| 0 spa d | ||
| 040 |
_aBIBLIOTECA UNIBE _cBIBLIOTECA UNIBE |
||
| 041 | _aspa | ||
| 082 |
_222 _aRD 972.93054 R454 |
||
| 245 | 1 | 3 |
_aLa revolución de abril de 1965 en el periódico PATRIA _ceditor : Alejandro Paulino Ramos ; diagramación : Eric Simó y Harold Frías Maggiolo ; diseño de cubierta : Harold Frías Maggiolo |
| 250 | _aPrimera edición | ||
| 260 |
_aSanto Domingo : _bArchivo General de la Nación (AGN), _c2024 |
||
| 300 |
_a473 páginas : _bfotos b/n; _c25 x 17 cm |
||
| 490 |
_a Archivo General de la Nación ; _v525 |
||
| 500 | _aInformación sobre el editor en las solapas. Cubierta: fotografía retocada con IA, coronel Francisco A. Caamaño y líderes de la Revolución de Abril, colección de Milvio Pérez-AGN. Contraportada: portada del periódico Patria No,18, del 11 de junio de 1965 | ||
| 505 | _aPresentación | Editoriales del Periódico Patria | Testimonios de la guerra | Caamaño y el gobierno constitucionalista | Militares constitucionalistas | Intervención militar extranjera | La OEA, la ONU y la Guerra de Abril | Comandos constitucionales | Literatura y Cultura / Poemas patrióticos | Página literaria | Relatos | Artículos y opiniones | Periódicos y revolución | La guerra en los pueblos | Héroes y mártires de la guerra | Partidos Políticos en la Revolución / Movimiento Popular Dominicano | Movimiento Revolucionario 14 de Junio | Partido Reformista | Partido Revolucionario Dominicano | Partido Revolucionario Social Cristiano | Partido Socialista Popular y Partido Comunista Dominicano | Asociaciones y sindicatos | Mítines y reuniones públicas | Negociaciones en la guerra | Gobierno de Héctor García Godoy | Combatientes regresan a loa pueblos | Índice onomástico | Galería de fotos | ||
| 650 | 7 |
_2lemb _aPeriódico Patria _xRevolución de Abril de 1965 _x Artículos _9194629 |
|
| 651 | 7 |
_2lemb _aRepública Dominicana _xHistoria _xRevolución de Abril de 1965 _9194504 |
|
| 651 | 7 |
_aRepública Dominicana _xRevolución de Abril 1965 _xArtículos periodísticos _9194505 |
|
| 700 | 1 | 0 |
_aPaulino Ramos, Alejandro, _d1951 - _947924 _ecuidado de la edición |
| 700 | 1 | 0 |
_aSimó, Eric _931870 _ediagramador |
| 700 | 1 | 0 |
_aFrías Maggiolo, Harold _q(Frías Maggiolo, Harold Marcelino) _ediagramador _ediseñador de cubierta _9146756 |
| 942 |
_2ddc _cBK |
||
| 999 |
_c113468 _d113468 |
||